01253nam a2200289Ia 4500001001200000003000800012006001900020007001500039008004100054020002200095040002100117035002000138050002300158110005300181245017400234260005500408300002200463504002900485533015200514650005200666650002900718650002700747655002900774710001700803856012600820999001700946ebr10062782CaPaEBRm u cr cn|||||||||850815s1985 dcua sb 000 0 eng d z0309036283 (pbk.) aCaPaEBRcCaPaEBR a(OCoLC)4496376714aTC223b.N38 1985eb2 aNational Research Council (U.S.).bMarine Board.10aDredging coastal portsh[electronic resource] :ban assessment of the issues /cMarine Board, Commission on Engineering and Technical Systems, National Research Council. aWashington, D.C. :bNational Academy Press,c1985. ax, 212 p. :bill. aIncludes bibliographies. aElectronic reproduction.bPalo Alto, Calif. :cebrary,d2009.nAvailable via World Wide Web.nAccess may be limited to ebrary affiliated libraries. 0aHarborszUnited StatesxMaintenance and repair. 0aDredgingzUnited States. 0aCoastszUnited States. 7aElectronic books.2local2 aebrary, Inc.40uhttp://site.ebrary.com/lib/rucke/Doc?id=10062782zAn electronic book accessible through the World Wide Web; click to view c46851d46851